| 000 | 00828nac a22002531i 4500 | ||
|---|---|---|---|
| 003 | EG-ScBUE | ||
| 005 | 20260414134006.0 | ||
| 008 | 260414s1966 enk f b 000 0 eng d | ||
| 020 | _a0521095751 | ||
| 040 |
_aEG-ScBUE _beng _erda _cEG-ScBUE _dEG-ScBUE |
||
| 082 | 0 | 4 |
_a574.87 _bRAM _222 |
| 100 | 1 |
_aRamsay, James Arthur, _eauthor. |
|
| 245 | 1 | 4 |
_aThe experimental basis of modern biology / _cby J. A. Ramsay. |
| 264 | 1 |
_aLondon : _bCambridge at the University Press, _c1966. |
|
| 300 |
_axii, 339 pages ; _c23 cm |
||
| 336 |
_2rdacontent _atext _btxt |
||
| 337 |
_aunmediated _2rdamedia _bn |
||
| 338 |
_avolume _bnc _2rdacarrier |
||
| 504 | _aIncludes bibliographical references. | ||
| 650 | 7 |
_aBiology, Experimental. _2BUEsh |
|
| 655 | _vReading book | ||
| 942 |
_cBB _2ddc |
||
| 999 |
_c2975 _d2975 |
||